000 00811nam a2200241 a 4500
001 1526
003 BR-CuiBMT
005 20231214013050.0
008 231108s201u rjb 000 0 por d
040 _aBR-CuiBMT
_cBR-CuiBMT
080 _22007
_a34:336.2
090 _a34:336.2
_bS237f
100 1 _aSantos, Nélida Cristina dos
245 1 0 _aFundamentos do direito tributário /
_cNélida Cristina dos Santos.
260 _aRio de Janeiro :
_bFGV,
_c[201-].
300 _a174 p. ;
_c29 cm
500 _a"Fascículo elaborado para o curso MPA em Direito do Estado e a Administração Pública."
504 _aInclui bibliografia.
610 1 _aMato Grosso.
_bTribunal de Contas do Estado.
650 _aDireito tributário
_xFundamentos
_zBrasil
650 _aDireito tributário
_zBrasil
942 _2udc
_cLV
999 _c1526
_d1526